000 00367nam a2200133Ia 4500
008 230511s2012 xx 000 0 und d
041 _aeng
082 _a346.0436
100 _aDivekar G M
245 _aPractical Guide to Deeds and Documents (with CD)
260 _aPune
_bHind Law House
_c2012
300 _a2224
906 _aDrafting - Conveyancing - Pleadings
999 _c349814
_d349814